Statistiken für Buchstabiere Jeppy

Klicken Sie hier um das Quiz zu spielen!

Allgemein

  • Dieses Quiz wurde 88 mal gespielt
  • Das Durchschnittsergebnis liegt bei 12 aus 12

Antwortstatistiken

HintAntwort% Korrekt
1jeppy
100%
2jeppy
100%
3jeppy
99%
4jeppy
99%
5jeppy
99%
6jeppy
99%
7jeppy
99%
8jeppy
99%
9jeppy
97%
10jeppy
97%
11jeppy
97%
12jeppy
97%

Verteilung der Resultate

Perzentil nach korrekt beantworteten Fragen

Anzahl Personen mit jedem Resultat

Ihre Resultats-Entwicklung

Sie haben dieses Quiz noch nicht gespielt